000
00213nam a2200097Ia 4500
008
190216s9999||||xx |||||||||||||| ||und||
100
_a
Uroob
245
0
_a
Sundarikalum Sundaranmarum
260
_b
Null
942
_c
BK
999
_c
25278
_d
25278